| 000 | 00810nam a2200241 a 4500 | ||
|---|---|---|---|
| 005 | 20240925064833.0 | ||
| 008 | 991125s1980 mx 000 0 spa u | ||
| 020 | _a9682310083 | ||
| 035 | _aUPN01000012817 | ||
| 049 | _aCG | ||
| 050 | 4 |
_aJC507 _bM3.28 |
|
| 100 | 1 |
_aMarx, Karl, _d1818-1883 |
|
| 245 | 1 | 3 |
_aLa cuestión nacional y la formación de los estados / _cKarl Marx, Friedrich Engels ; tr. Conrado Ceretti ; comp. José Aricó. |
| 260 |
_aMéxico : _bSiglo XXI, _c1980. |
||
| 300 | _a268 p. | ||
| 440 | 0 |
_aCuadernos de pasado y presente ; _v69 |
|
| 650 | 2 |
_aProblemas sociales _96247 |
|
| 651 | 7 |
_aEuropa _xCondiciones sociales _2 _922809 |
|
| 651 | 4 |
_aEUROPA - _xPOLITICA |
|
| 700 | 1 |
_aEngels, Friedrich, _d1820-1895 _ecoaut. |
|
| 700 | 1 |
_aAricó, José, _d1931-1991 _ecomp. _928749 |
|
| 905 | _aLibro | ||
| 999 |
_c12817 _d12817 |
||